000 00964nam a2200253 i 4500
001 8916
003 ES-MaACL
005 20230906145549.0
007 t|
008 921112s1990 sp ||||1| spa d
020 _a84-86133-78-5
080 _a347.78(094.46)
080 _a347.772(094.46)
080 _a347.247/9(094.46)
080 _a347.77(094.46)
100 1 _aRodríguez García, Carlos-Javier.
_998536
245 1 4 _aUna Nueva sistematización jurídica de las propiedades especiales
_b: (propiedad de las aguas, propiedad de las minas, propiedad intelectual, propiedad industrial, patentes y marcas) /
_cCarlos-Javier Rodríguez García ; prólogo Manuel Albaladejo García.
260 _aMadrid :
_bDykinson,
_c1990.
300 _a142 p. ;
_c20 cm.
650 1 4 _aDerecho civil-
_xPropiedades especiales.
_911670
650 1 4 _aPropiedades especiales (Derecho)
_916503
700 1 _aAlbaladejo, Manuel.
_919218
852 _aES-MaACL
_jL-16279
_bR.120587
999 _c8916
_d8916